书目信息 |
| 题名: |
鲁迅诗稿
|
|
| 作者: | 鲁迅 著 ;上海鲁迅纪念馆 编辑 | |
| 分册: | ||
| 出版信息: | 北京 文物出版社 1976 |
|
| 页数: | 89页 | |
| 开本: | 26cm | |
| 丛书名: | ||
| 单 册: | ||
| 中图分类: | I210.3 | |
| 科图分类: | ||
| 主题词: | 鲁迅著作--手稿 , 文学--作品集--中国 | |
| 电子资源: | ||
| ISBN: | ||
| 000 | 00691nam0 2200253 45 | |
| 001 | 0183007341 | |
| 005 | 20060809152641.76 | |
| 010 | @dCNY1.30 | |
| 091 | @a8081.12175 | |
| 100 | @a19950509d1976 em y0chiy0121 ea | |
| 101 | 0 | @achi |
| 102 | @aCN@b110000 | |
| 105 | @ay z 000gy | |
| 200 | 10 | @a鲁迅诗稿@Alu xun shi gao@f鲁迅著@g上海鲁迅纪念馆编辑 |
| 210 | @a北京@c文物出版社@d1976 | |
| 215 | @a89页@d26cm | |
| 606 | @a鲁迅著作@x手稿 | |
| 606 | 0 | @a文学@x作品集@x中国 |
| 690 | @aI210.3 | |
| 701 | 0 | @a鲁迅@Alu xun@4著 |
| 712 | 02 | @a上海鲁迅纪念馆@Ashang hai lu xun ji nian guan@4编辑 |
| 801 | 2 | @aCN@bNLC@c20060809 |
| 801 | 0 | @aCN@b上海图书馆@c20040413 |
| 905 | @dI210.3@e122≈2 | |
| 鲁迅诗稿/鲁迅著/上海鲁迅纪念馆编辑.-北京:文物出版社,1976 |
| 89页;26cm |
| ISBN :CNY1.30 |
| ● |
| 相关链接 |
|
|
|
|
正题名:鲁迅诗稿
索取号:I210.3/122≈2
 
预约/预借
| 序号 | 登录号 | 条形码 | 馆藏地/架位号 | 状态 | 备注 |
| 1 | 0450669 | 204506695 | 密集书库/ [索取号:I210.3/122≈2] | 在馆 |